Arrondissements de Centre-Val de Loire – Carte Quiz - Statistiques

Statistiques générales
  • Ce quiz a été pris 22 fois
  • Le résultat moyen est 13 sur 20
Réponses sur la Carte
Les réponses sont colorées sur une échelle allant du rouge au vert en fonction du pourcentage des utilisateurs qui les ont devinées à leur premier essai. Vous pouvez retrouver ces pourcentages ci-dessous.
 
Statistiques - réponses
Réponse % Correct
Châteauroux
85%
Blois
80%
Dreux
80%
Montargis
80%
Tours
80%
Bourges
75%
Chartres
70%
Loches
70%
Orléans
70%
Vierzon
65%
Chinon
60%
Vendôme
60%
Nogent-le-Rotrou
55%
Pithiviers
55%
Romorantin-Lanthenay
55%
Saint-Amand-Montrond
55%
Châteaudun
50%
Issoudun
45%
La Châtre
45%
Le Blanc
45%
Aucun quiz correspondant
Distribution des résultats
% des personnes avec chaque résultat
Percentile par nombre de réponses
Votre historique - résultats
Vous n’avez pas pris ce quiz